[Event "IND-ch Rapid"]
[Site "Mahilong"]
[Date "2025.03.20"]
[Round "1"]
[White "Karthik, Venkataraman"]
[Black "Shashish, Kumar Singh"]
[Result "1-0"]
[WhiteElo "2461"]
[BlackElo "1546"]
[PlyCount "71"]
[EventDate "2025.03.20"]
[EventType "tourn (rapid)"]
[EventRounds "11"]
[EventCountry "IND"]
[SourceTitle "CB13_2025"]
[SourceDate "2025.03.26"]
[SourceVersion "1"]
[SourceVersionDate "2025.03.26"]
[SourceQuality "1"]

1. e4 e5 2. Nf3 Nc6 3. Nc3 Bb4 4. Nd5 Ba5 5. Bc4 Nf6 6. 0-0 0-0 7. d3 h6 8. c3 d6 9. a4 a6 10. b4 Bb6 11. Nxb6 cxb6 12. Re1 Bg4 13. h3 Bh5 14. g4 Bg6 15. Nh4 d5 16. exd5 Nxd5 17. Nxg6 fxg6 18. Qb3 Kh7 19. Bxd5 Qf6 20. Be3 b5 21. axb5 axb5 22. Rxa8 Rxa8 23. Be4 Qh4 24. Qe6 Qf6 25. Qd5 Qh4 26. Kg2 Qd8 27. Qxb5 Qe7 28. Qc5 Qxc5 29. bxc5 Ra3 30. Rb1 Rxc3 31. Rxb7 Nd4 32. Bxd4 exd4 33. Rb6 Rxc5 34. Bxg6+ Kg8 35. Rb8+ Rc8 36. Rxc8# 1-0